000 00527nam a2200193Ia 4500
003 OSt
005 20251219160527.0
008 220923b |||||||| |||| 00| 0 ben d
037 _cTB
040 _aARTS
_cARTS
_bben
041 _2ben
_aben
084 _aO157,1M61:g H8.2
_qAL
100 _a Pramathanath,Bishi
_9206510
245 0 _aRabindra Kavya Pravah
260 _c1948
650 _aBENGALI LITERATURE
_9858203
942 _hO157,1M61:g, H8.2
_cTB
_2CC
_n0
999 _c433896
_d433896